|
|
|
|
| LEADER |
01293nam a22002897a 4500 |
| 001 |
39568 |
| 003 |
BD-DhAAL |
| 008 |
220906t2015 vraab b 001|0|eng|d |
| 999 |
|
|
|c 44786
|d 44786
|
| 020 |
|
|
|a 9780643108769 (paperback)
|
| 020 |
|
|
|a 9780643108776 (epdf)
|
| 020 |
|
|
|a 9780643108783 (epub)
|
| 040 |
|
|
|a BD-DhAAL
|c BD-DhAAL
|
| 082 |
|
|
|a 307.1216
|2 23
|
| 100 |
|
|
|a Sheppard, Mark,
|e author.
|9 51313
|
| 245 |
|
|
|a Essentials of urban design /
|c Mark Sheppard.
|
| 260 |
|
|
|a Clayton South VIC, Australia :
|b CSIRO Publishing,
|c c2015.
|
| 300 |
|
|
|a xiv, 298 pages :
|b illustrations (black and white, and colour), maps (colour) ;
|c 26 cm.
|
| 504 |
|
|
|a Includes bibliographical references and index.
|
| 526 |
|
|
|a ARC
|
| 541 |
|
|
|a Development Book Agency
|e 39568
|
| 650 |
|
|
|a City planning.
|9 51314
|
| 650 |
|
|
|a City planning
|z Australia
|x Popular works.
|9 51315
|
| 650 |
|
|
|a Architecture.
|9 51316
|
| 852 |
|
|
|a Ayesha Abed Library
|c General Stacks
|
| 942 |
|
|
|2 ddc
|c BK
|
| 952 |
|
|
|0 0
|1 1
|2 ddc
|4 0
|6 307_121600000000000_SHE
|7 0
|9 71729
|a ARC
|b ARC
|c GEN
|d 2022-08-24
|e Development Book Agency
|g 7324.00
|l 0
|o 307.1216 SHE
|p 3010039568
|r 2022-08-24
|t 1
|v 7324.00
|w 2022-08-24
|y BK
|x lost from the ARC department library and approved by the Dean (reasons personal books withdrawn by Hasibul Kabir Sir and Building shifting)
|